| 000 | 00467nam a2200121Ia 4500 | ||
|---|---|---|---|
| 008 | 171212s9999 xx 000 0 und d | ||
| 020 | _a9780833092830 | ||
| 100 | _aZimmerman, S. Rebecca;Egel, Daniel;Blum, Ilana | ||
| 245 |
_cZimmerman, S. Rebecca;Egel, Daniel;Blum, Ilana _aTask Force for Business and Stability Operations _bLessons from Afghanistan |
||
| 260 |
_bRAND Corporation _c2016 |
||
| 650 | _aBusiness | ||
| 856 | _uhttp://jstor.org/stable/10.7249/j.ctt19w737n | ||
| 999 |
_c352602 _d352602 |
||